Most Widely Spoken Languages Quiz Stats

 Plays Quiz not verified by Sporcle

Score 0/24 Timer 05:00
0 Plays Today
Rank Language % Correct
3English
99.4%
2Spanish
98.4%
17French
96.1%
10German
93.3%
1Mandarin
91.2%
8Russian
89.2%
9Japanese
86.5%
4Arabic
85.9%
20Italian
84.3%
7Portuguese
83.6%
5Hindi
79.8%
18Korean
67.9%
Rank Language % Correct
22Yue (Cantonese)
60.1%
15Vietnamese
53.4%
23Turkish
49.7%
6Bengali
47.2%
21Urdu
45.6%
19Tamil
32.1%
12Lahnda (Punjabi)
31.9%
11Javanese
22.3%
16Marathi
17.2%
14Telugu
17%
24Minnan (Taiwanese)
11.2%
13Wu (Shanghainese)
7.4%

You're not logged in!

Compare scores with friends on all Sporcle quizzes.
Join for Free
OR
Log In

You Might Also Like...

Show Comments

Extras

Top Quizzes Today


Score Distribution

Your Account Isn't Verified!

In order to create a playlist on Sporcle, you need to verify the email address you used during registration. Go to your Sporcle Settings to finish the process.

Report this User

Report this user for behavior that violates our Community Guidelines.

Details: